Spracovanie prirodzeného jazyka na meranie inflácie

Saved in:
Bibliographic Details
Main Author: Galčíková, Veronika (Author)
Other Authors: Oravec, Miloš (Thesis advisor)
Format: Manuscript Book
Language:Slovak
Published: 2025
Subjects:
Online Access:http://is.stuba.sk/zp/portal_zp.pl?podrobnosti=184376
Tags: Add Tag
No Tags, Be the first to tag this record!

MARC

LEADER 00000ntm a22000003a 4500
001 stuzp105034
003 SK-STU
005 20250614213540.2
007 ta
008 150427s2015----xo-----f-mn---000-0-slo-d
040 |a STU  |b slo 
041 0 |a slo 
100 1 |a Galčíková, Veronika  |u 035000  |k Z4  |4 aut  |U FEI Fakulta elektrotechniky a informatiky  |T FEI Ústav informatiky a matematiky  |X 111233  |U E050  |Y 816  |7 111233 
242 0 1 |a Natural Language Processing for Inflation Measurement  |y eng 
245 1 0 |a Spracovanie prirodzeného jazyka na meranie inflácie 
260 |c 2025 
650 4 |a BERT  |2 eng 
650 4 |a inflation  |2 eng 
650 4 |a HICP  |2 eng 
650 4 |a NLP  |2 eng 
650 4 |a text classification  |2 eng 
650 4 |a price indices  |2 eng 
650 4 |a BERT  |2 slo 
650 4 |a NLP  |2 slo 
650 4 |a textová klasifikácia  |2 slo 
650 4 |a inflácia  |2 slo 
650 4 |a HICP  |2 slo 
650 4 |a cenové indexy  |2 slo 
700 1 |a Oravec, Miloš  |u 035000  |k Z1  |4 ths  |U FEI Fakulta elektrotechniky a informatiky  |T FEI Ústav informatiky a matematiky  |X 2036  |U E050  |Y 816  |7 A000002036 
856 4 |u http://is.stuba.sk/zp/portal_zp.pl?podrobnosti=184376